| 000 | 01170nmm a2200337 a 4500 | ||
|---|---|---|---|
| 001 | ocm0002146176 | ||
| 003 | TR-IsHL | ||
| 005 | 20201028182047.0 | ||
| 008 | 190124s2016 tu tur | ||
| 007 | cr cn | ||
| 020 | _a9786059375337 | ||
| 035 |
_a2146176 _b(N$T) |
||
| 050 | 0 | 4 |
_aPZ90.T8 _bP45 2016 |
| 090 | 0 | 4 |
_aPZ90.T8 _bP45 2016 |
| 100 | 1 | _aPerktaş, Ezgi | |
| 245 | 1 | 0 |
_aElif ameliyat oluyor: sağlık hikayeleri 2 _h[electronic resource] / _cEzgi Perktaş ; editör Mustafa Can ; resimleyen Duygu Gezer |
| 250 | _a1. Baskı | ||
| 260 |
_aİstanbu : _bÇamlıca Çocuk Yayınları, _c2016 |
||
| 300 | _a24 p. | ||
| 500 | _a4 yaş ve üzeri | ||
| 650 | 4 | _aDil ve Edebiyat | |
| 650 | 4 | _aLanguage and Literature | |
| 650 | 0 | _aÇocuk öyküleri, Türk | |
| 650 | 0 | _aChildren's stories, Turkish | |
| 650 | 0 | _aResimli çocuk kitapları | |
| 650 | 0 | _aIllustrated children's books | |
| 650 | 7 |
_aJUVENILE NONFICTION / Health & Daily Living / Diseases, Illnesses & Injuries _2bisacsh |
|
| 700 | 1 | _aCan, Mustafa | |
| 700 | 1 | _aGezer, Duygu | |
| 856 | 4 | 0 | _uhttp://search.ebscohost.com/login.aspx?direct=true&scope=site&db=e011xww&AN=2146176 |
| 999 |
_c19893 _d19893 |
||